000 00783nam a2200229Ia 4500
003 OSt
005 20220925201733.0
006 a|||||r|||| 00| 0
007 ta
008 220923b |||||||| |||| 00| 0 eng d
037 _cGeneral Book
040 _aRTL
_cRTL
_beng
041 _2eng
_aeng
082 _aY31:4:5.2, J9
110 _aINDIA, COMMUNITY DEVELOPMENT AND CORPORATION (Ministry of-),. COMMUNITY DEVELOPMENT (Deptt. of-)
_9262312
245 0 _aOur block development committee
260 _aDelhi
_bMinmistry of Community Development
300 _a39p
_ccm.
700 _aINDIA, COMMUNITY DEVELOPMENT AND CORPORATION (Ministry of-),. COMMUNITY DEVELOPMENT (Deptt. of-)
_9262313
942 _hY31:4:5.2, J9
_cGB
_2CC
999 _c541031
_d541031